La hija de Celestina y la ingeniosa Elena
Enregistré dans:
| Auteur principal: | |
|---|---|
| Format: | Livre |
| Langue: | espagnol |
| Publié: |
Madrid
Instituto de Estudios Madrileños
1983
|
| Sujets: | |
| Tags: |
Ajouter un tag
Pas de tags, Soyez le premier à ajouter un tag!
|
MARC
| LEADER | 00000nam a2200000 a 4500 | ||
|---|---|---|---|
| 001 | UCQ8032 | ||
| 003 | CL-VaPUC | ||
| 008 | 981127e19830000SP |||||||||||||||||spa|d | ||
| 082 | 0 | 4 | |a 863 |b SAL |2 21 |
| 100 | 0 | |a Salas Barbadillo, Alonso J |e author |9 421873 | |
| 245 | 1 | 3 | |a La hija de Celestina y la ingeniosa Elena |
| 300 | |a 164 p | ||
| 942 | |c BK | ||
| 945 | |d 19981127 00:00:00 |a crobeson | ||
| 260 | |a Madrid |b Instituto de Estudios Madrileños |c 1983 | ||
| 650 | 0 | |a Novelas españolas |9 265052 | |
| 650 | 0 | |a Literatura española |9 306261 | |
| 583 | |a last modification |c 19981127 00:00:00 |k Rodrigo Vera | ||
| 999 | |c 277404 |d 277402 | ||
| 952 | |0 0 |1 0 |4 0 |6 863_000000000000000_SAL_1983 |7 0 |8 A |9 315307 |a FDOPOS |b FDOPOS |d 2019-11-20 |i 1496271 |o 863 SAL 1983 |p 1496271 |r 2025-01-22 |w 2019-11-20 |y BK |k MLH | ||